[Event "AUTO-INT-3819"]
[Site "http://www.queenalice.com/game.php?id=1812697"]
[Date "2023.5.29"]
[Round "1"]
[White "zmanomega"]
[Black "VeganVampire"]
[Result "1-0"]
[WhiteElo "1629"]
[BlackElo "1286"]

1. d4 e6 2. e4 Nf6 3. Nc3 Bb4 4. f3 Bxc3+ 5. bxc3 c5 6. Bb5 a6 7. Bd3 h6 8. dxc5
Qa5 9. Ne2 Qxc5 10. Qd2 Nc6 11. Bb2 d5 12. exd5 Qxd5 13. c4 Qd8 14. O-O-O a5 15.
Qf4 Bd7 16. Bxf6 gxf6 17. a3 1-0

[Event "AUTO-INT-3819"]
[Site "http://www.queenalice.com/game.php?id=1812698"]
[Date "2023.5.29"]
[Round "1"]
[White "VeganVampire"]
[Black "zmanomega"]
[Result "0-1"]
[WhiteElo "1289"]
[BlackElo "1626"]

1. e4 e5 2. d3 Qf6 3. Qf3 Qe6 4. a3 f6 5. Nc3 c6 6. Nge2 b5 7. b4 Ne7 8. d4 Bb7
9. dxe5 Qxe5 10. Bf4 Qe6 11. Nd4 g5 12. Nxe6 dxe6 13. Be3 Nd7 14. Qh5+ Ng6 15.
Bd3 O-O-O 16. Bxa7 Nde5 0-1

[Event "AUTO-INT-3819"]
[Site "http://www.queenalice.com/game.php?id=1812715"]
[Date "2023.5.29"]
[Round "1"]
[White "VeganVampire"]
[Black "NickThorp"]
[Result "0-1"]
[WhiteElo "1250"]
[BlackElo "1719"]

1. e4 e5 2. d3 Bb4+ 3. c3 Ba5 4. Qf3 d6 5. h3 h6 6. Be3 Nc6 7. a4 Nf6 8. Be2 Be6
9. b4 Bb6 10. Bxb6 axb6 11. b5 Na5 12. Nd2 O-O 13. g4 Nd7 0-1

[Event "AUTO-INT-3819"]
[Site "http://www.queenalice.com/game.php?id=1812716"]
[Date "2023.5.29"]
[Round "1"]
[White "NickThorp"]
[Black "VeganVampire"]
[Result "1-0"]
[WhiteElo "1721"]
[BlackElo "1248"]

1. e4 e5 2. Nf3 d6 3. Bb5+ c6 4. Ba4 Qf6 5. h3 Nh6 6. d3 Qg6 7. Nc3 Qxg2 8. Rg1
Qxh3 9. Be3 Bg4 10. Rg3 Qh1+ 11. Rg1 Qxf3 12. Qxf3 Bxf3 13. Bxh6 gxh6 14. Rg3
Bh5 15. Kd2 Bg6 16. Rag1 1-0

[Event "Let's Play Chess!"]
[Site "http://www.queenalice.com/game.php?id=1812822"]
[Date "2023.6.4"]
[Round "-"]
[White "VeganVampire"]
[Black "Clemente09"]
[Result "1-0"]
[WhiteElo "1237"]
[BlackElo "1283"]

1. e4 e5 2. Bc4 Nf6 3. d3 h6 4. a3 a6 5. Qf3 b5 6. Bb3 Bb7 7. Ne2 a5 8. a4 b4 9.
h3 d5 10. exd5 Nxd5 11. O-O Ra6 12. Re1 Rf6 13. Qg3 Bd6 14. Qxg7 Kd7 15. Qg4+
Ke7 16. d4 Bc8 17. Qh4 Be6 18. c3 bxc3 19. Nbxc3 Nxc3 20. Nxc3 exd4 21. Nd5+ Kd7
22. Nxf6+ Kc8 23. Bxe6+ fxe6 24. Qxd4 Nc6 25. Qc3 Nb4 26. Rxe6 Rf8 27. Bxh6 Rf7
28. Re8 1-0

[Event "AUTO-INT-3820"]
[Site "http://www.queenalice.com/game.php?id=1813016"]
[Date "2023.6.3"]
[Round "1"]
[White "WLAO"]
[Black "VeganVampire"]
[Result "1-0"]
[WhiteElo "1538"]
[BlackElo "1263"]

1. e4 e5 2. Nf3 d6 3. Bb5+ c6 4. Bc4 Qf6 5. d3 h6 6. O-O Be7 7. Nbd2 Qg6 8. b3
Bh3 9. g3 Bxf1 10. Qxf1 b5 11. Bxb5 cxb5 12. Qh3 1-0

[Event "AUTO-INT-3820"]
[Site "http://www.queenalice.com/game.php?id=1813017"]
[Date "2023.6.3"]
[Round "1"]
[White "VeganVampire"]
[Black "WLAO"]
[Result "0-1"]
[WhiteElo "1274"]
[BlackElo "1527"]

1. e4 d5 2. exd5 Qxd5 3. d3 Qe5+ 4. Qe2 Qa5+ 5. Qd2 Qe5+ 6. Qe2 Qxe2+ 7. Bxe2 e5
8. Nf3 Bd6 9. h3 Ne7 10. O-O O-O 11. a3 Bf5 12. Nbd2 Nd7 0-1

[Event "AUTO-INT-3820"]
[Site "http://www.queenalice.com/game.php?id=1813030"]
[Date "2023.6.3"]
[Round "1"]
[White "tche_elvio"]
[Black "VeganVampire"]
[Result "1-0"]
[WhiteElo "1518"]
[BlackElo "1296"]

1. e4 e5 2. Nf3 d6 3. h3 a6 4. d4 exd4 5. Bd3 c5 6. O-O h6 7. Bd2 Qf6 8. c3 dxc3
9. Bxc3 Qe6 10. b3 Nc6 11. a4 Be7 12. Bxg7 Rh7 13. Bc3 Bf6 14. Na3 Bxc3 15. Bc4
Qg6 16. Bxf7+ 1-0

[Event "AUTO-INT-3820"]
[Site "http://www.queenalice.com/game.php?id=1813031"]
[Date "2023.6.3"]
[Round "1"]
[White "VeganVampire"]
[Black "tche_elvio"]
[Result "1-0"]
[WhiteElo "1283"]
[BlackElo "1477"]

1. e4 e5 2. Qf3 Qf6 3. Bc4 c6 4. d3 Qxf3 5. Nxf3 d6 6. h3 h6 7. Be3 Be7 8. d4
Nf6 9. Nbd2 O-O 10. g4 Nxg4 11. hxg4 Bxg4 12. O-O-O exd4 13. Bxd4 d5 14. exd5
cxd5 15. Bxd5 Nc6 16. Rde1 Nxd4 17. Rxe7 Nxf3 18. Nxf3 Bxf3 19. Bxf3 b6 20. Bxa8
Rxa8 21. Rhe1 Kf8 22. R7e3 g6 23. Rd1 1-0

[Event "AUTO-INT-3820"]
[Site "http://www.queenalice.com/game.php?id=1813040"]
[Date "2023.6.3"]
[Round "1"]
[White "VeganVampire"]
[Black "ricardoguevara"]
[Result "0-1"]
[WhiteElo "1304"]
[BlackElo "1580"]

1. e4 e5 2. Bc4 Nf6 3. d3 Bb4+ 4. c3 Bc5 5. Qf3 O-O 6. Qg3 d6 7. Nh3 Ng4 8. O-O
Qf6 9. Ng5 Bxf2+ 10. Rxf2 Nxf2 11. Qxf2 Qxf2+ 12. Kxf2 Be6 13. Nxe6 fxe6+ 14.
Kg1 Nd7 0-1

[Event "AUTO-INT-3820"]
[Site "http://www.queenalice.com/game.php?id=1813041"]
[Date "2023.6.3"]
[Round "1"]
[White "ricardoguevara"]
[Black "VeganVampire"]
[Result "0-1"]
[WhiteElo "1543"]
[BlackElo "1255"]

1. e4 e5 2. Nf3 d6 3. Bb5+ c6 4. Bc4 Qf6 5. O-O Be7 6. d3 h6 7. Nc3 Qg6 8. d4
Bh3 9. Bxf7+ Kxf7 10. dxe5 Qxg2# 0-1

[Event "AUTO-INT-3821"]
[Site "http://www.queenalice.com/game.php?id=1813332"]
[Date "2023.6.7"]
[Round "1"]
[White "VeganVampire"]
[Black "WLAO"]
[Result "0-1"]
[WhiteElo "1268"]
[BlackElo "1533"]

1. e4 e5 2. Bc4 d6 3. d3 Qf6 4. Qf3 Qxf3 5. Nxf3 g6 6. h3 Ne7 7. Ng5 Bd7 8. Nxf7
Rg8 9. Nxd6+ cxd6 10. Bxg8 Nbc6 11. c3 O-O-O 12. Bb3 Na5 13. Bd5 Nxd5 0-1

[Event "AUTO-INT-3821"]
[Site "http://www.queenalice.com/game.php?id=1813349"]
[Date "2023.6.7"]
[Round "1"]
[White "VeganVampire"]
[Black "Capixabba789"]
[Result "0-1"]
[WhiteElo "1307"]
[BlackElo "1620"]

1. e4 Nc6 2. Bc4 e5 3. a3 Nf6 4. d3 Be7 5. Qf3 d6 6. h3 h6 7. Nc3 Nd4 8. Qd1 c5
9. Nd5 Nxd5 10. Bxd5 Be6 11. Bxe6 Nxe6 12. c3 O-O 13. Qg4 Bg5 14. Bxg5 Nxg5 15.
Nf3 Ne6 16. Nh4 a5 17. Nf5 b5 0-1

[Event "AUTO-INT-3821"]
[Site "http://www.queenalice.com/game.php?id=1813350"]
[Date "2023.6.7"]
[Round "1"]
[White "Capixabba789"]
[Black "VeganVampire"]
[Result "1-0"]
[WhiteElo "1634"]
[BlackElo "1299"]

1. e4 e5 2. f4 Bc5 3. Nf3 d6 4. Bc4 f5 5. d3 fxe4 6. dxe4 Bg4 7. f5 Nf6 8. Nc3
c6 9. Be6 Bb4 10. O-O Bxc3 11. bxc3 Nxe4 12. Qd3 Nc5 13. Qc4 Nxe6 14. Qxe6+ Qe7
15. Qc8+ Qd8 16. Qxb7 Nd7 17. Qxc6 Qb6+ 18. Qxb6 Nxb6 19. Ba3 Nc4 20. Bc1 Bxf5
21. Bg5 h6 22. Bh4 O-O 23. Rf2 e4 24. Nd4 Bd7 25. Rb1 Rab8 26. Rxf8+ Rxf8 27.
Rb7 Ne3 28. Bf2 1-0